Top 20 des villes les plus embouteillées au monde - Statistiques

Statistiques générales
  • Ce quiz a été pris 132 fois
  • Le résultat moyen est 16 sur 20
Statistiques - réponses
Pays Ville % Correct
1 France Paris
100%
8 Russie Moscou
99%
2 Royaume Uni Londres
98%
5 Mexique Mexico
97%
3 États Unis New York
97%
7 Irlande Dublin
94%
15 Belgique Bruxelles
93%
6 Inde New Delhi
89%
18 Italie Milan
83%
9 Perou Lima
82%
19 Allemagne Munich
82%
4 Russie Saint Petersbourg
81%
10 Brésil Sao Paulo
76%
11 Inde Bombay
75%
14 Thailande Bangkok
73%
20 Roumanie Bucarest
73%
17 Colombie Bogota
69%
12 Iran Teheran
67%
16 Allemagne Hambourg
48%
13 Inde Bangalore
21%
Aucun quiz correspondant
Distribution des résultats
% des personnes avec chaque résultat
Percentile par nombre de réponses
Votre historique - résultats
Vous n’avez pas pris ce quiz